Enhancement of bud sprouting and growth of grafted rubber (Hevea brasiliensis) plants utilising a polyhouse during winter in Tripura (Record no. 49042)

MARC details
000 -LEADER
fixed length control field 00579nam a2200205Ia 4500
100 ## - MAIN ENTRY--AUTHOR NAME
Personal name Das K
245 #0 - TITLE STATEMENT
Title Enhancement of bud sprouting and growth of grafted rubber (Hevea brasiliensis) plants utilising a polyhouse during winter in Tripura
260 ## - PUBLICATION, DISTRIBUTION, ETC. (IMPRINT)
Name of publisher Natural Rubber Research
Year of publication 2009
300 ## - PHYSICAL DESCRIPTION
Number of Pages 163-167
650 ## - SUBJECT ADDED ENTRY--TOPICAL TERM
Topical Term Budded stumps
650 ## - SUBJECT ADDED ENTRY--TOPICAL TERM
Topical Term Cold
650 ## - SUBJECT ADDED ENTRY--TOPICAL TERM
Topical Term Polyhouse
650 ## - SUBJECT ADDED ENTRY--TOPICAL TERM
Topical Term Relative humidity
650 ## - SUBJECT ADDED ENTRY--TOPICAL TERM
Topical Term Sprouting
650 ## - SUBJECT ADDED ENTRY--TOPICAL TERM
Topical Term Temperature
700 ## - ADDED ENTRY--PERSONAL NAME
Personal name Dey S K
700 ## - ADDED ENTRY--PERSONAL NAME
Personal name Ray D
942 ## - ADDED ENTRY ELEMENTS (KOHA)
Koha item type Bibliography STAF
Holdings
Withdrawn status Lost status Damaged status Not for loan Home library Current library Shelving location Date acquired Serial Enumeration / chronology Koha item type
      Bibliography RRII Library RRII Library Botany 31/05/2011 Volume 22, Issue 1&2 Bibliography STAF